|
|
|
|
| LEADER |
00000nab a2200000uu 4500 |
| 001 |
vtls010900718 |
| 003 |
SK-MaSNL |
| 005 |
20260303141800.0 |
| 008 |
230222|1971 xo |||||||||||||||||ger| |
| 015 |
|
|
|a SNBRB
|
| 035 |
|
|
|a (urnnbn)urn:nbn:sk:snk:ar-a07ly4
|
| 035 |
|
|
|a (uuid)04a89c9a-5285-4cf3-b333-696297d4b0d8
|
| 035 |
|
|
|a urn:nbn:sk:snk-ab8sdn
|
| 040 |
|
|
|a SNKBUCL
|b slo
|c SNKBUCL
|e AACR2
|
| 041 |
0 |
|
|a ger
|
| 044 |
|
|
|a xo
|c SK
|
| 100 |
1 |
|
|a Tarábek, K.
|4 aut
|9 450376
|
| 245 |
1 |
0 |
|a Probleme der klimageographischen Regionalisation
|c K. Tarábek
|
| 773 |
0 |
|
|t Acta Facultatis rerum naturalium Universitatis Comenianae
|g Roč. 3, č. 3 (1971), s. 37-44
|
| 958 |
|
|
|a OND
|
| 958 |
|
|
|a EUIPO
|
| 958 |
|
|
|a article10
|
| 999 |
|
|
|c 1978712
|d 1980642
|